000
00351nam a2200133Ia 4500
003
GCL
008
140319s9999 xx 000 0 ara d
040
_a
GCL /
_c
GCL
082
0
4
_a
813.01
_b
م س
245
1
0
_a
السياج: (قصص قصيره)
260
_a
[S.N] :
_b
المؤسسة الحديثة للكتاب ،
_c
1982
300
_a
130 ص
490
_a
999
_c
32152
_d
32152